Normal view
MARC view
- Mohammad Yousuf
Entry Personal Name
001 - CONTROL NUMBER
- control field: 34490
003 - CONTROL NUMBER IDENTIFIER
- control field: NUST
005 - DATE AND TIME OF LATEST TRANSACTION
- control field: 20201026100234.0
008 - FIXED-LENGTH DATA ELEMENTS
- fixed length control field: 201026|| aca||aabn | a|a d
040 ## - CATALOGING SOURCE
- Original cataloging agency: NUST
- Transcribing agency: NUST
100 ## - HEADING--PERSONAL NAME
- Personal name: Mohammad Yousuf
670 ## - SOURCE DATA FOUND
- Source citation: Work cat.: (NUST): Zakirullah, Wasim Ahmad ; Mohammad Jalil ; Omer, Usman and Hamid Mohammad 34489, UNEMPLOYMENT /, 2009.
